| 000 | 00500nam a2200169 i 4500 | ||
|---|---|---|---|
| 001 | 39648 | ||
| 003 | ES-MaACL | ||
| 005 | 20230906160043.0 | ||
| 007 | t| | ||
| 008 | 030303s1954 sp ||||1| spa d | ||
| 100 | 1 |
_aCanals Navarrete, Salvador. _934418 |
|
| 245 | 1 | 0 |
_aInstitutos seculares y estado de perfección / _cSalvador Canals Navarrete. |
| 260 |
_aMadrid : _bRialp, _c1954 ( _fSamarán) |
||
| 300 |
_a200 p. ; _c17 cm. |
||
| 650 | 0 | 0 |
_aInstitutos seculares. _913836 |
| 852 |
_aES-MaACL _jC-8869 |
||
| 999 |
_c39648 _d39648 |
||